[Event "Lozovatsky Memorial-B 2019"]
[Site "Chelyabinsk"]
[Date "2019.01.13"]
[Round "2.8"]
[White "Sitnikov, Anton"]
[Black "Remizov, Yaroslav"]
[Result "1/2-1/2"]
[WhiteElo "2410"]
[BlackElo "2357"]
[Annotator "TA"]
[PlyCount "133"]
[EventDate "2019.01.12"]
[EventType "tourn"]
[EventCountry "RUS"]
[SourceTitle "playchess.com"]
[Source "ChessBase"]
[SourceQuality "1"]

{[%evp 22,133,10,7,9,8,2,0,109,112,108,106,116,115,112,100,106,97,129,129,129,140,136,145,189,141,151,162,135,0,128,116,102,103,149,154,154,155,150,147,168,171,223,224,225,217,323,323,330,335,323,289,280,268,295,7,7,7,6,3,3,2,22,0,0,0,0,0,0,0,0,0,0,0,8,8,361,361,403,403,369,371,437,437,437,422,422,422,457,456,454,447,456,447,470,8,8,8,8,8,8,8,8,8,8,8,8,8,8,8,8,8,8,0]} 1. e4 c5 2. Nf3 g6 3. Nc3 Bg7 4. d4 cxd4 5. Nxd4 d6 6. Be3 Nf6 7. f3 a6 8. Qd2 Nbd7 9. g4 {B75: Sicilian Dragon: Yugoslav Attack, Miscellaneous} (9. a4 Ne5 10. Be2 Bd7 11. a5 Rc8 12. g4 Nc4 13. Bxc4 Rxc4 14. g5 Nh5 15. Nd5 O-O 16. Nb6 Rc7 {0-1 (67) Bacrot,E (2725)-Adhiban,B (2655) Riadh 2017}) 9... b5 10. g5 Nh5 11. a4 bxa4 12. Rxa4 {LiveBook: 17 Games} O-O 13. Be2 Bb7 14. Nb3 f5 (14... a5 $11 {remains equal.}) 15. Na5 $1 $16 {[%cal Ra5b7]} Qc7 16. Nxb7 Qxb7 {[#]} 17. Qd5+ $146 Qxd5 18. Nxd5 {And now exf5 would win.} fxe4 19. Rxe4 (19. Nxe7+ $6 Kh8 $11) 19... Bxb2 20. Rxe7 (20. Nxe7+ $6 Kh8 $11) 20... Rf7 21. Rxf7 Kxf7 22. Kd2 a5 23. Rb1 Rb8 24. Ba7 Ra8 25. Be3 (25. Rxb2 $6 Rxa7 26. f4 a4 $11) 25... Rb8 26. c3 $36 {[%mdl 2048] White is in control.} a4 27. Nb6 $1 a3 28. Nxd7 Rc8 {Strongly threatening ...a2.} 29. Rxb2 axb2 30. Bd3 Ng7 31. Nb6 Rb8 (31... Rc7 $142 32. Be4 Nf5) 32. Kc2 $18 Nf5 33. Bf2 Nh4 (33... h6 {might work better.} 34. gxh6 (34. Kxb2 hxg5 35. Bg1 Ke6 $16) 34... Nxh6 35. Bc4+ Ke7 36. Kxb2 Nf5) 34. Be4 ({Resist} 34. Bxh4 Rxb6 35. Kb1 Ke6 $18) ({Weaker is} 34. Kxb2 Nxf3 35. Bc4+ Ke8 $16) 34... Ng2 35. Kxb2 Nf4 36. h4 d5 37. Bc2 Ke6 38. Kb3 $2 (38. Ka3 $18) 38... d4 $1 $11 39. Bxd4 {Hoping for c4.} Nd5 40. c4 Nxb6 {[%mdl 4096] Endgame KRN-KB} 41. Kc3 Nd7 42. c5 Rc8 43. Bb3+ Kf5 44. Kb4 Ne5 45. Bd5 Kf4 46. Kb5 {Bb7 is the strong threat.} Nxf3 47. Bf6 Nxh4 48. Bb7 Rc7 $2 {[%mdl 8192]} (48... Re8 $11 {and Black is okay.}) 49. Kb6 $18 Rf7 {[#]} 50. Bd5 $1 {[%cal Rd5f7]} Rf8 51. c6 Nf5 52. c7 Rc8 53. Be6 Rxc7 54. Kxc7 h6 {[#]} 55. gxh6 $1 Nxh6 56. Kd6 g5 57. Kd5 g4 {[%cal Bg5g4,Bg4g3,Bg3g2][%mdl 32]} 58. Kd4 $2 ({White has to play} 58. Bg7 $18 Kg5 59. Be5) 58... g3 $1 $11 {The position is equal.} 59. Be5+ Kf3 $1 60. Bd5+ Kf2 61. Ke4 g2 62. Bd4+ Kg3 63. Kd3 Kh2 64. Be5+ Kh3 $1 65. Be6+ Ng4 66. Bd4 Kh2 67. Ke4 {Accuracy: White = 74%, Black = 53%.} 1/2-1/2

[Event "Lozovatsky Memorial-B 2019"]
[Site "Chelyabinsk"]
[Date "2019.01.13"]
[Round "2.9"]
[White "Kholopov, Alexander A."]
[Black "Frolov, Ivan"]
[Result "1-0"]
[WhiteElo "2211"]
[BlackElo "2210"]
[Annotator "TA"]
[PlyCount "39"]
[EventDate "2019.01.12"]
[EventType "tourn"]
[EventCountry "RUS"]
[SourceTitle "playchess.com"]
[Source "ChessBase"]
[SourceQuality "1"]

{[%evp 22,39,47,28,49,34,109,65,135,100,100,95,91,97,75,85,81,30,383,358]} 1. c4 Nf6 2. Nc3 c5 3. Nf3 g6 4. d4 cxd4 5. Nxd4 Bg7 6. g3 O-O 7. Bg2 Nc6 8. O-O a6 9. Nc2 d6 10. b3 Be6 11. Rb1 Rc8 12. Ne3 b5 {A38: Symmetrical English vs ...g6: 4 Bg2 Bg7 5 Nf3 Nf6} 13. cxb5 {[#]} Nb4 $146 (13... Na7 $14) ({Predecessor:} 13... Na7 14. b6 Qxb6 15. Bb2 Nb5 16. Na4 Qa7 17. Qd3 Nd7 18. Bxg7 Kxg7 19. Rbc1 Rc7 20. Bd5 {1-0 (55) Huzman,A (2574)-Avrukh,B (2620) Haifa 2000}) 14. Bd2 {[%cal Bc1d2,Bd2a5,Ba5c3][%mdl 32] Hoping for a3.} Nd7 (14... d5 $14) 15. Qe1 axb5 16. Nxb5 Nxa2 17. Ba5 Qe8 18. Qd2 Nc5 19. Na7 (19. Nxd6 $16 exd6 20. Qxa2) 19... Nc3 $2 {[%mdl 8192] [#]} (19... Ra8 $1 $11 {and Black stays safe.} 20. Bxa8 Qxa8) 20. Bxc3 1-0

[Event "Lozovatsky Memorial-B 2019"]
[Site "Chelyabinsk"]
[Date "2019.01.13"]
[Round "2.10"]
[White "Dauletova, Gulmira"]
[Black "Radzhabov, Rodion"]
[Result "0-1"]
[WhiteElo "2240"]
[BlackElo "2329"]
[Annotator "TA"]
[PlyCount "116"]
[EventDate "2019.01.12"]
[EventType "tourn"]
[EventCountry "RUS"]
[SourceTitle "playchess.com"]
[Source "ChessBase"]
[SourceQuality "1"]

{[%evp 21,116,43,41,36,31,12,39,6,4,10,10,-9,0,-8,-7,-29,-8,-13,-10,-27,-27,-28,-28,-18,7,7,21,0,0,0,32,0,0,0,0,0,0,-14,0,-17,-17,-20,-20,-20,0,-10,-10,-10,-10,-10,-10,-42,0,-17,0,-45,0,-24,-17,-17,-25,-18,-22,-24,8,8,2,-83,-89,-248,-245,-600,-604,-579,-579,-1819,-1770,-1530,-1719,-1508,-1433,-1096,-1000,-2044,-1709,-1655,-1445,-1497,-1403,-29970,-12795,-29979,-29979,-29981,-29982,-29981,-29979]} 1. e4 c5 2. Nf3 Nc6 3. d4 cxd4 4. Nxd4 Qc7 5. Nc3 e6 {[%cal Be7e6,Be6e5][%mdl 32]} 6. f4 a6 7. Nxc6 bxc6 8. Bd3 d6 9. O-O Nf6 10. Qe2 e5 11. Kh1 Be7 {LiveBook: 15 Games} 12. Na4 {B46: Sicilian: Taimanov: 5 Nc3 a6} (12. Bc4 O-O 13. f5 h6 14. g4 d5 15. Bb3 d4 16. Nd1 c5 17. Nf2 Bb7 18. Bc4 Nh7 19. Rg1 Bh4 20. Nh3 Nf6 21. g5 Nxe4 22. Rg2 Qc6 23. Qg4 Ng3+ {0-1 (23) Kaasen,T (2442)-Andreikin,D (2734) chess.com INT 2017}) 12... O-O 13. c4 Nd7 14. b3 $146 {White is slightly better.} ({Predecessor:} 14. Nc3 exf4 15. Bxf4 Ne5 16. Bc2 Bg4 17. Qe3 Nxc4 18. Qg3 {0-1 (30) Zlachevskiy,L (2111)-Sanzhaev,D (2150) Kazan 2010}) 14... exf4 15. Bxf4 Bf6 16. Rac1 Be5 17. Qd2 c5 18. Bb1 Bb7 19. Rcd1 Rad8 20. Bxe5 Nxe5 21. Nc3 Qe7 22. Qf4 g6 23. Rd2 Kg7 24. Nd1 h6 25. Ne3 Rfe8 26. Rfd1 a5 27. h3 Rd7 28. Qg3 Kh7 29. h4 Ra8 30. Rf1 a4 31. Rdf2 axb3 32. axb3 Ra1 33. h5 Qg5 34. hxg6+ fxg6 35. Qxg5 hxg5 36. Bc2 Ra2 37. Bb1 Ra1 38. Bc2 Ra2 (38... Rxf1+ {looks sharper.} 39. Nxf1 Nc6 40. Nd2 Kg7 41. Kh2 Nd4) 39. Bb1 Rxf2 40. Rxf2 Kg7 41. Kg1 Nc6 42. Rd2 Nd4 {[#]} 43. b4 $1 {[%mdl 512]} Re7 (43... cxb4 44. Rxd4) 44. Nd5 (44. b5 $11) 44... Bxd5 $1 $17 45. cxd5 $2 {[%mdl 4096] Endgame KRB-KRN} (45. bxc5 $17 {is the only way for White.} Rb7 46. cxd6) 45... Rb7 $19 46. Rb2 $2 (46. e5 dxe5 47. b5) 46... Rxb4 47. Rxb4 cxb4 {KB-KN} 48. Kf2 {If only White now had time for Ke3....} Kf6 49. Ke3 Ke5 50. Kd3 Nb5 51. Bc2 Nc3 52. Ke3 g4 53. Bb3 Nxe4 54. Bc2 Nc3 55. Bxg6 Nxd5+ 56. Kd2 Nf4 {Black mates.} 57. Bf7 Nxg2 58. Bh5 g3 {Accuracy: White = 28%, Black = 70%.} 0-1

[Event "Lozovatsky Memorial-B 2019"]
[Site "Chelyabinsk"]
[Date "2019.01.14"]
[Round "3.6"]
[White "Radzhabov, Rodion"]
[Black "Tologontegin, Semetey"]
[Result "1/2-1/2"]
[WhiteElo "2329"]
[BlackElo "2385"]
[Annotator "TA"]
[PlyCount "137"]
[EventDate "2019.01.12"]
[EventType "tourn"]
[EventCountry "RUS"]
[SourceTitle "playchess.com"]
[Source "ChessBase"]
[SourceQuality "1"]

{[%evp 19,137,82,103,41,37,35,35,45,74,29,28,18,15,23,18,9,28,-28,-21,-43,-14,-70,-75,-54,-51,-57,-39,-98,-55,-52,-52,-60,-52,-52,-52,-45,-45,-67,-67,-79,-52,-86,-81,-125,-108,-114,-95,-98,-82,-108,-91,-104,-61,-53,-53,-60,-60,-63,-64,-59,-44,-46,-33,-45,-65,-67,-58,-59,0,0,0,-7,0,-14,-6,-53,-44,-44,0,0,0,0,0,0,0,0,8,4,2,3,3,3,10,0,0,0,0,0,0,0,0,0,0,0,0,0,0,0,0,0,0,0,0,0,0,0,0,0,0,0]} 1. e4 e6 2. d4 b6 3. Bd3 Bb7 4. Nf3 d6 5. c4 (5. O-O Nd7 6. Re1 g6 7. Nbd2 Bg7 8. c3 a6 9. Nf1 e5 10. h3 Ngf6 11. Ng3 O-O 12. Bg5 h6 13. Be3 Re8 14. Qc2 Qe7 {½-½ (14) Alekseev,E (2620)-Kamsky,G (2675) St Petersburg 2018}) 5... Nd7 6. Nc3 {B00: Queen's Fianchetto Defence, Nimzowitsch Defence} g6 7. O-O Bg7 8. Bg5 Ne7 9. Qd2 h6 10. Be3 g5 {LiveBook: 4 Games} 11. Ne1 (11. d5 $16) 11... Ng6 $14 12. Ne2 $146 ({Predecessor:} 12. Rd1 O-O 13. g3 c5 14. d5 {1-0 (34) Gagarkine,N (1929)-Kostyryachenko,A (1654) Saratov 2012}) 12... Nf6 13. Ng3 Ng4 14. Be2 Nxe3 15. fxe3 O-O 16. Nc2 c5 17. Rf2 cxd4 18. Nxd4 ({White should try} 18. exd4 Nf4 19. b3) 18... Be5 $11 19. Raf1 Qe7 (19... Bxg3 $5 20. hxg3 Bxe4 $11) 20. Bd3 ({Only move:} 20. Ngf5 $1 $11 exf5 21. Nxf5) 20... Bxg3 $15 21. hxg3 Ne5 22. Qe2 Kg7 23. Bb1 ({White should play} 23. g4 $15) 23... Rh8 24. Qh5 Raf8 25. b3 Bc8 {[%cal Bb7c8,Bc8d7,Bd7c6][%mdl 32]} 26. Rd2 Bd7 27. Qd1 Rd8 28. Nf3 Bc6 29. Qc1 f6 30. Rfd1 Nf7 31. Qc2 h5 32. a4 a5 33. Nd4 Bd7 34. Nf3 Rh6 35. Kf2 g4 36. Nd4 h4 37. gxh4 Rxh4 38. Ne2 Bc6 39. Ng3 Rdh8 40. Qc3 Qc7 41. Rf1 R8h6 42. Rdd1 Rh2 43. Rh1 Ng5 (43... Rxh1 $15 44. Rxh1 Rxh1 45. Nxh1 Be8) 44. Rxh2 $11 Rxh2 45. Kg1 Rh6 46. Rf1 {[#] Threatens to win with Nh5+!} Be8 47. Kf2 Qc5 48. Qd4 Kf8 49. Rh1 {The position is equal.} Qxd4 50. exd4 Rxh1 51. Nxh1 {[%mdl 4096] Endgame KBN-KBN} Bg6 52. Ng3 Ke7 53. Ke3 e5 54. d5 Nf7 55. Bc2 Nh6 56. Bd3 Kf8 57. Bc2 Be8 58. Bd3 Kg7 59. Ne2 Kg6 60. g3 Kg5 61. Nc3 Bd7 62. Nb5 Bxb5 $1 63. cxb5 {[#] And now b4! would win. KB-KN} Nf7 $1 64. Bc2 Nd8 65. Kd2 Nb7 66. Kc3 Nc5 67. b4 axb4+ 68. Kxb4 {Hoping for a5.} Nb7 69. Kc3 {Precision: White = 56%, Black = 65%.} 1/2-1/2

[Event "Lozovatsky Memorial-B 2019"]
[Site "Chelyabinsk"]
[Date "2019.01.14"]
[Round "3.7"]
[White "Frolov, Ivan"]
[Black "Dauletova, Gulmira"]
[Result "1-0"]
[WhiteElo "2210"]
[BlackElo "2240"]
[Annotator "TA"]
[PlyCount "85"]
[EventDate "2019.01.12"]
[EventType "tourn"]
[EventCountry "RUS"]
[SourceTitle "playchess.com"]
[Source "ChessBase"]
[SourceQuality "1"]

{[%evp 15,85,0,4,7,18,2,4,-21,-18,-25,-23,-29,-31,-34,-36,-28,-25,-31,-15,-28,-12,-37,-11,-12,0,-8,0,0,0,0,8,6,9,0,0,0,0,0,0,0,0,0,0,0,0,0,0,0,0,0,0,0,0,0,0,0,0,0,6,-4,12,0,19,0,144,181,2005,2005,5185,2286,29998,29999]} 1. e4 c5 2. Nf3 e6 3. d4 cxd4 4. c3 Nf6 {[%cal Bg8f6,Bf6d5,Bd5f4,Bf4d3][%mdl 32]} 5. e5 Nd5 6. cxd4 d6 7. Bd3 dxe5 {B22: Sicilian: 2 c3} 8. Nxe5 (8. dxe5 Nb4 9. Be4 Qxd1+ 10. Kxd1 Nd7 11. Bd2 a5 12. a3 Nc5 13. axb4 Nxe4 14. Be1 b6 15. Nc3 Nxc3+ 16. Bxc3 {½-½ (50) Mamedyarov,S (2747)-Caruana,F (2787) Wijk aan Zee 2016}) 8... Bb4+ {LiveBook: 3 Games} 9. Nd2 O-O $146 {The position is equal.} ({Predecessor:} 9... Nd7 10. O-O Bxd2 11. Bxd2 O-O 12. Qh5 N7f6 13. Qd1 Nd7 14. Qh5 N7f6 15. Qh4 {1-0 (23) Ynojosa Aponte,F (2439)-Saiyn,Z (2337) Kocaeli 2013}) 10. O-O Nf4 11. Ne4 (11. Bb1 {is interesting.} Qxd4 12. Qc2 Ng6 13. Ndf3 Qc5 14. Qe2) 11... Nxd3 12. Qxd3 f6 13. Nf3 Nc6 {[%cal Bb8c6,Bc6e7,Be7d5][%mdl 32]} 14. Rd1 Ne7 15. Qb3 Nd5 16. Nc3 {And now Nxd5 would win.} Ba5 17. Be3 Qd6 18. Rac1 Bb6 19. Nd2 {[%cal Bf3d2,Bd2f1,Bf1g3,Bg3e4,Be4c3][%mdl 32]} Bc7 20. Nf1 Bb6 21. Ng3 Rd8 22. Nge4 Qe7 23. Nxd5 exd5 24. Nc3 Qf7 25. Bf4 Bg4 26. f3 Bd7 27. Qxd5 Be6 28. Qe4 Bxa2 29. Nxa2 Qxa2 30. Bc7 Re8 $1 {[%cal Re8e4]} 31. Qd3 ({Much worse is} 31. Qxb7 Qf7 $17) 31... Qxb2 32. Qc4+ Kh8 {Threatens to win with ...Rac8.} 33. Rc2 Qa3 34. Bxb6 axb6 35. d5 Qe3+ 36. Kf1 Qe5 37. g3 Ra3 38. Kg2 Qe3 39. Qg4 {Threatening d6.} Qb3 {[#]} (39... Rc3 $11 {remains equal.} 40. Rb2 Qc5) 40. Rdd2 $1 $16 {[%mdl 1024] Hoping for d6. White has strong compensation.} Qa4 $2 (40... Ra4 41. Qd7 Raa8) 41. Rc8 $18 Qb5 {[#]} 42. Qb4 $1 {[%mdl 512]} Qd7 {[#]} (42... Qxb4 43. Rxe8+) 43. Qf8+ $1 {[%mdl 576] Back Rank. Accuracy: White = 59%, Black = 50%.} 1-0

[Event "Lozovatsky Memorial-B 2019"]
[Site "Chelyabinsk"]
[Date "2019.01.14"]
[Round "3.8"]
[White "Remizov, Yaroslav"]
[Black "Kholopov, Alexander A."]
[Result "1-0"]
[WhiteElo "2357"]
[BlackElo "2211"]
[Annotator "TA"]
[PlyCount "44"]
[EventDate "2019.01.12"]
[EventType "tourn"]
[EventCountry "RUS"]
[SourceTitle "playchess.com"]
[Source "ChessBase"]
[SourceQuality "1"]

{[%evp 27,44,47,23,-18,-18,-32,-19,-36,-20,-57,0,6,99,109,635,632,608,608,617]} 1. e4 c5 2. Nf3 Nc6 3. d4 cxd4 4. Nxd4 Qb6 5. Nb3 Nf6 6. Nc3 e6 7. Bd3 d6 8. O-O Be7 9. Be3 Qc7 10. f4 a6 11. Qf3 O-O 12. Rae1 b5 13. e5 {B33: Sicilian: Pelikan and Sveshnikov Variations} dxe5 14. fxe5 Nd7 {LiveBook: 10 Games} 15. Qh3 {[%csl Gd3][%cal Rh3h7] White has an edge.} g6 $1 16. Bh6 Ncxe5 17. Bxf8 Bxf8 18. Ne4 $146 {[%cal Bc3e4,Be4g5,Bg5f7][%mdl 32] Black must now prevent Ng5.} ({Predecessor:} 18. Be4 Rb8 19. Kh1 Bg7 20. Ne2 Nf6 {0-1 (66) Baskin,R (2190)-Carow,J (2407) Hofheim 2014}) 18... Bg7 ({Stronger than} 18... Nxd3 19. cxd3 h6 20. Qe3 $16) (18... f5 $15) 19. Ng5 $40 {[%mdl 128] White mounts an attack.} h6 {[#]} (19... Nf6 $11 {remains equal.}) 20. Nxf7 $1 $16 {[%mdl 512]} Qa7+ $2 {[%mdl 8192]} (20... Qb6+ $16 21. Kh1 Nxf7) (20... Nxf7 21. Rxf7) 21. Kh1 $18 Nxf7 {[#]} 22. Rxf7 $1 {[%mdl 512]} Qb6 (22... Kxf7 23. Qxe6+) 1-0

[Event "Lozovatsky Memorial-B 2019"]
[Site "Chelyabinsk"]
[Date "2019.01.14"]
[Round "3.9"]
[White "Nugumanov, Bakhtiyar"]
[Black "Sitnikov, Anton"]
[Result "1-0"]
[WhiteElo "2391"]
[BlackElo "2410"]
[Annotator "TA"]
[PlyCount "81"]
[EventDate "2019.01.12"]
[EventType "tourn"]
[EventCountry "RUS"]
[SourceTitle "playchess.com"]
[Source "ChessBase"]
[SourceQuality "1"]

{[%evp 14,81,53,39,40,5,42,0,34,42,25,25,50,43,45,35,19,44,28,40,32,-19,-27,0,-4,-29,-36,-64,7,-88,-88,-142,-144,-136,-130,-176,-135,-143,-29,-42,0,0,162,130,123,-150,60,37,388,367,351,312,471,431,435,364,895,821,826,761,1039,1008,1437,1407,1904,1899,1825,1825,29984,984]} 1. e4 d6 2. d4 Nf6 3. Nc3 Nbd7 4. g3 e5 5. Nge2 b5 (5... Be7 6. Bg2 O-O 7. O-O Re8 8. h3 Bf8 9. g4 exd4 10. Qxd4 Nc5 11. Ng3 Nfd7 12. f4 c6 13. Qf2 Nxe4 14. Ncxe4 d5 15. Be3 dxe4 16. Nxe4 {0-1 (71) Grischuk,A (2737)-Bortnyk,O (2581) Doha 2016}) 6. Nxb5 {B07: Pirc Defence: Miscellaneous Systems} Nxe4 7. Bg2 Bb7 8. O-O {LiveBook: 3 Games. White is slightly better.} Be7 $146 ({Predecessor:} 8... a6 9. Nbc3 Nxc3 10. Nxc3 Bxg2 11. Kxg2 Be7 12. dxe5 Nxe5 {1-0 (39) Nozdrachev,V (2485)-Bordovsky,V (2326) Serpukhov 2018}) 9. d5 Nef6 10. Be3 Nb6 {[%cal Rb6d5]} 11. c4 Qd7 12. Qd3 O-O 13. a4 Rfb8 14. b3 c6 15. dxc6 Bxc6 16. Bxc6 Qxc6 17. a5 (17. Rfd1 $14) 17... Nc8 $1 $11 18. a6 d5 {[%cal Bd6d5,Bd5d4][%mdl 32]} 19. Rfc1 {Threatening cxd5.} d4 $36 {[%mdl 2048] Black has good play.} 20. Bg5 Ne4 (20... Nd7 $15 21. Nexd4 exd4 22. Nxd4 Qg6 23. Qxg6 hxg6) 21. Bxe7 (21. Nexd4 $11 exd4 22. Nxd4) 21... Nxe7 $17 22. Qf3 ({Better is} 22. Nexd4 exd4 23. Nxd4) 22... f5 23. Rd1 Rd8 24. Nc1 Qh6 25. Qe2 Ng6 (25... Ng5 $17 26. h4 Nf7) 26. Nd3 $11 Rd7 27. c5 Rc8 $2 (27... Ng5 $11 28. h4 Nxh4 29. gxh4 (29. Nxe5 Re8 $11) 29... Qxh4 30. Nxe5 Rd5 31. Rxd4 (31. Nc7 Rxe5 32. Qc4+ Kh8 $19) 31... Rxd4 32. Nxd4 Qxd4 33. Qc4+ Qxc4 34. Nxc4 Kf8) 28. Rac1 $1 $18 Ng5 {aiming for ...e4.} 29. Ne1 $2 {[%mdl 8192] [#]} (29. c6 $16 {is forced if you want to stay better.} Nh3+ 30. Kf1) 29... Rc6 $2 (29... f4 $1 $17 30. Qg4 {[#]} fxg3 $1 {[%mdl 512]} 31. fxg3 Nf8) 30. Nd6 $14 Rdxd6 $4 {[%mdl 8192]} ({Much weaker is} 30... Nh3+ $6 31. Kf1 $18) (30... f4 $1 $14) 31. cxd6 $18 Rxd6 ({But not} 31... Rxc1 32. Rxc1 Nf8 33. Qxe5 $18) 32. Rc8+ Kf7 (32... Nf8 $142 33. Qxe5 Qe6 34. Qxe6+ Ngxe6) 33. Qc4+ Kf6 34. Rc6 Ne4 $2 (34... Re6 35. f4 exf4) 35. Rxd6+ Nxd6 36. Qc6 Ke7 37. Nd3 e4 38. Qc7+ Ke6 39. Nc5+ Kd5 40. Nb7 {[%csl Gb7][%cal Rc7d6]} Ne5 41. Qc5+ {Precision: White = 55%, Black = 34%.} 1-0

[Event "Lozovatsky Memorial-B 2019"]
[Site "Chelyabinsk"]
[Date "2019.01.14"]
[Round "3.10"]
[White "Mischuk, Dmitry"]
[Black "Ponomariov, Valeriy"]
[Result "1-0"]
[WhiteElo "2357"]
[BlackElo "2378"]
[Annotator "TA"]
[PlyCount "67"]
[EventDate "2019.01.12"]
[EventType "tourn"]
[EventCountry "RUS"]
[SourceTitle "playchess.com"]
[Source "ChessBase"]
[SourceQuality "1"]

{[%evp 11,67,-8,-4,-46,-43,-39,-46,-53,-41,-54,-76,-50,-54,-125,-115,-144,-120,-110,-108,-125,-107,-114,-60,-78,-77,-76,-2,-2,19,17,13,16,17,14,12,24,22,43,33,43,416,433,430,422,996,984,977,968,1039,1039,1008,375,1004,991,958,949,895,855]} 1. d4 Nf6 2. c4 e6 3. g3 d5 4. Nf3 Bb4+ 5. Nc3 dxc4 6. Bg2 O-O {LiveBook: 458 Games} 7. Ne5 {E20: Nimzo-Indian: 4 g3 and 4 f3} (7. O-O Nc6 8. Qa4 Nd5 9. Qc2 Be7 10. Rd1 Bd7 11. e4 Ncb4 12. Qd2 Nb6 13. Ne5 Nc6 14. Nxc6 Bxc6 15. Qc2 f5 {1-0 (62) Caruana,F (2822)-So,W (2780) Saint Louis 2018}) 7... Nd5 8. Bd2 Nb6 9. e3 {Black is slightly better.} f6 10. Nf3 Nc6 11. Qc2 $146 ({Predecessor:} 11. O-O e5 12. a3 Bd6 13. d5 Ne7 14. Qc2 Bd7 {0-1 (50) Bastian,H (2375)-Neunhoeffer,H (2235) Germany 1987}) 11... e5 12. dxe5 (12. O-O $15) 12... fxe5 $17 13. a3 Be7 14. h3 Bf5 15. Ne4 Qe8 {And now ...Qg6 would win.} 16. Bc3 Nd7 (16... Qg6 $17 17. Nfd2 Rad8) 17. Nfd2 Qf7 18. O-O Nc5 ({Black should play} 18... Be6 $17) 19. g4 $1 $11 {[%cal Rg4f5]} Be6 20. Nxc5 Bxc5 21. Ne4 Be7 22. f4 exf4 23. exf4 Rad8 24. f5 $40 {[%mdl 128] White mounts an attack.} Bd5 25. f6 gxf6 $2 {[%mdl 8192]} (25... Bxe4 $1 $14 26. Qxe4 Bc5+ 27. Kh1 g6) 26. Nxf6+ $18 Bxf6 27. Rxf6 Qe8 (27... Qxf6 $142 28. Bxf6 Rxf6 29. Bxd5+ Rxd5 30. Qxc4 Rfd6) 28. Qf5 {[#] Threatening mate with Qg5+.} Rxf6 29. Qxf6 {[%csl Gc3][%cal Rf6g7]} Qg6 30. Bxd5+ Rxd5 31. Qh8+ Kf7 32. Rf1+ {White is clearly winning.} Ke7 33. Qf8+ Kd7 34. Rf7+ {Accuracy: White = 80%, Black = 49%.} 1-0

[Event "Lozovatsky Memorial-B 2019"]
[Site "Chelyabinsk"]
[Date "2019.01.15"]
[Round "4.6"]
[White "Tologontegin, Semetey"]
[Black "Ponomariov, Valeriy"]
[Result "1-0"]
[WhiteElo "2385"]
[BlackElo "2378"]
[Annotator "TA"]
[PlyCount "149"]
[EventDate "2019.01.12"]
[EventType "tourn"]
[EventCountry "RUS"]
[SourceTitle "playchess.com"]
[Source "ChessBase"]
[SourceQuality "1"]

{[%evp 11,149,-1,-8,-4,0,-21,-8,-14,-8,-9,-6,-14,0,0,0,-21,-11,-9,0,0,7,0,0,-7,-1,-23,0,0,0,-8,0,-35,-24,-80,-40,-58,-72,-74,-46,-41,0,-67,-19,-47,-43,-52,-41,-63,-43,-44,-15,-27,-7,-39,75,79,76,14,25,11,10,20,15,7,13,13,108,108,112,112,120,32,32,34,34,24,25,26,13,14,28,-15,0,0,0,-23,-20,-12,0,0,0,0,31,40,74,82,77,62,62,68,62,64,74,72,69,47,74,52,91,51,74,73,74,66,74,0,73,0,66,0,66,0,81,81,88,66,1021,809,1322,1314,1264,759,708,708,2329,627,5081,5069,2277,2446]} 1. Nf3 d5 2. e3 Nf6 3. c4 e6 4. b3 b6 5. Bb2 Bb7 6. cxd5 {A13: English Opening: 1...e6} (6. Nc3 Nbd7 7. d4 Bd6 8. Bd3 O-O 9. O-O a6 10. Rc1 Qe7 11. cxd5 exd5 12. Ne2 Ne4 13. Qc2 Rac8 14. Ng3 g6 15. Qe2 h5 16. Ne5 Nxe5 17. dxe5 Bxe5 18. Bxe5 Qxe5 19. Nxe4 dxe4 20. Bxa6 Bxa6 21. Qxa6 {½-½ (57) Harikrishna,P (2732)-Navara,D (2727) Prague 2018}) 6... exd5 {LiveBook: 20 Games} 7. d4 Bd6 $146 ({Predecessor:} 7... Bb4+ 8. Nc3 O-O 9. Bd3 c5 10. O-O Ne4 11. Qc2 Bxc3 12. Bxc3 Nd7 13. dxc5 Ndxc5 {½-½ (34) Cooper,M-Behrmann,K CServe email 1995}) 8. Nbd2 {The position is equal.} O-O 9. Ne5 a5 10. Be2 Qe7 11. O-O Nfd7 {[%cal Rd7e5]} 12. Nd3 Na6 13. a4 Nb4 (13... c6 {is interesting.} 14. Rc1 Nf6 15. Ne5 Rfc8 16. Re1 Nb4) 14. Nxb4 Bxb4 15. Rc1 Bd6 16. Re1 Nf6 $40 {[%cal Bd7f6,Bf6e4,Be4g5,Bg5e6,Be6f4][%mdl 160] Black is up to no good.} 17. Bd3 Ne4 18. Nf1 Rad8 19. f3 Ng5 20. Re2 f5 21. Bc3 Qf6 22. Be1 (22. h4 $11 Ne6 23. g3) 22... Kh8 23. Bf2 Ne6 24. Kh1 Qh6 25. Qc2 Qf6 26. Rd1 (26. Qd1 $1 $11) 26... c5 {[%cal Rc5d4]} 27. Qb1 cxd4 28. exd4 Nf4 29. Ree1 Rc8 30. Bb5 Bb4 31. Re3 Ng6 32. Be1 Qd6 (32... f4 $15 {keeps the upper hand.} 33. Re2 Bxe1 34. Rexe1 Bc6) 33. Bxb4 $16 Qxb4 34. Bd7 (34. Re6 $1 $16) 34... Rc3 {White must now prevent ...Rxe3.} 35. Rxc3 Qxc3 36. Bxf5 Nf4 37. Qc2 Qxc2 38. Bxc2 Kg8 (38... Ba6 $11) 39. g3 $1 {[%cal Rg3f4]} Ne6 40. Kg2 Ng5 41. Nd2 (41. f4 $1 $16 {[%cal Rf4g5]} Re8 42. Rd2 (42. fxg5 Re2+ 43. Kf3 Rxc2 $14)) 41... Re8 $14 {And now ...Re2+ would win.} 42. Bd3 Ne6 $1 43. Bb5 Re7 44. Nf1 Rc7 45. Rd3 Rc2+ 46. Nd2 Nc7 47. Kf2 Bc8 48. Ke1 {Threatens to win with Kd1.} Nxb5 49. axb5 $11 {[%mdl 4096] Endgame KRB-KRN} Bd7 50. Kd1 Rc8 51. Re3 Re8 (51... Bxb5 {keeps more tension.} 52. Re5 a4 53. bxa4 Bxa4+ 54. Ke2 Bb5+) 52. Re5 Rxe5 53. dxe5 Bxb5 $14 {KB-KN} 54. f4 $1 Bd7 55. Kc2 b5 56. Nf3 Kf7 57. Nd4 g6 58. b4 a4 59. Kc3 Ke7 60. Nc2 Bh3 61. Kd4 Ke6 {[#]} 62. Na3 $1 {[%cal Ra3b5]} Bf1 {[#]} 63. Kc5 (63. g4 $1 $16) 63... Bd3 (63... h5 $11) 64. Kd4 Bf1 $1 65. Nc2 ({Better is} 65. g4 $1 $14) 65... Bc4 ({Black should try} 65... Bh3 $11) 66. Kc3 (66. g4 $1 $14) 66... Bf1 (66... h5 $1 $11 {keeps the balance.}) 67. g4 Kd7 68. Nd4 Bh3 $2 {[%mdl 8192]} (68... Ke7 $14) 69. Nxb5 $18 {White is clearly winning.} Bxg4 70. Nd4 Kc7 71. b5 Kb6 72. Kb4 Bd7 73. Kxa4 Kc5 74. e6 Be8 75. Ka5 {Accuracy: White = 47%, Black = 27%.} 1-0